| 000 | 00401nam a22001457a 4500 | ||
|---|---|---|---|
| 999 |
_c7138 _d7136 |
||
| 005 | 20210903113707.0 | ||
| 008 | 200613b xxu||||| |||| 00| 0 eng d | ||
| 082 | _a345.4 AIR | ||
| 110 |
_aALL INDIA REPORTER _96856 |
||
| 245 | _aALL INDIA REPORTER , [1982] [VOL-69] RAJSTHAN SECTION | ||
| 260 |
_aMUMBAI _bALL INDIA REPORTER , PVT. LTD. |
||
| 300 | _a608;p | ||
| 650 |
_aLAW _95701 |
||
| 942 | _cJRL | ||